Normal view MARC view

Entry Nombre corporativo

Number of records used in: 5

001 - NÚMERO DE CONTROL

  • campo de control: 140039

003 - IDENTIFICADOR DE NÚMERO DE CONTROL

  • campo de control: OSt

005 - FECHA Y HORA DE LA ÚLTIMA TRANSACCIÓN

  • campo de control: 20250830080436.0

008 - ELEMENTOS DE DATO DE LONGITUD-FIJA

  • campo de control de longitud fija: 090506 b azzaaaaaa a aaa d

040 ## - FUENTE DE CATALOGACIÓN

  • Centro catalogador/agencia de origen: OSt
  • Centro/agencia transcriptor: OSt

110 2# - ENCABEZAMIENTO-NOMBRE DE ENTIDAD CORPORATIVA

  • Nombre de entidad corporativa o nombre de jurisdicción como elemento de entrada: Iglesia Católica.
  • Título de la obra: Codex juris canonici, 1917

410 2# - TRAZADO DE VÉASE--NOMBRE DE ENTIDAD CORPORATIVA

  • Nombre de entidad corporativa o nombre de jurisdicción como elemento de entrada: Iglesia Católica.
  • Título de la obra: Codex iuris canonici, 1917

430 #0 - TRAZADO DE VÉASE--TÍTULO UNIFORME

  • Título uniforme: Codex juris canonici (1917)

430 #0 - TRAZADO DE VÉASE--TÍTULO UNIFORME

  • Título uniforme: Codex iuris canonici (1917)